|
|
|
|
| LEADER |
00000nam a22000007a 4500 |
| 003 |
CL-VaPUC |
| 005 |
20220906132400.0 |
| 008 |
220418b1992 ||||| |||| 00| 0 eng d |
| 999 |
|
|
|c 435421
|d 435419
|
| 020 |
|
|
|a 88-18-23032-8
|
| 040 |
|
|
|c Pontificia Universidad Católica de Valparaíso
|
| 082 |
|
7 |
|a 282.092 ROM 1992
|2 22
|
| 100 |
1 |
|
|a Romanato, Gianpaolo
|9 868560
|e autor
|
| 245 |
|
|
|a Pio X: la vita di Papa Sarto
|
| 250 |
|
|
|a Primera edición
|
| 260 |
|
|
|a Milano, Italia:
|b Rusconi,
|c 1992
|
| 300 |
|
|
|a 351 páginas
|
| 490 |
|
|
|a Le Vite
|
| 500 |
|
|
|a C.1 Donación Carlos Salinas Araneda. Memo 002. 13/01/2022
|
| 583 |
|
|
|c 20220418
|k Catalogador Asistente
|
| 600 |
|
0 |
|a Pio X, Papa
|9 859568
|d 1835-1914
|x Vida
|
| 610 |
|
|
|a Iglesia Católica
|x Papas
|x Biografías
|9 870248
|
| 650 |
|
|
|a Historia de los Papas
|x Iglesia Católica
|9 870249
|
| 942 |
|
|
|2 ddc
|c BK
|
| 952 |
|
|
|0 0
|1 0
|2 ddc
|4 0
|6 282_092000000000000_ROM_1992
|7 0
|8 DER_HDC
|9 582626
|a BIBDER
|b BIBDER
|d 2022-04-18
|e Donación
|i 5650790
|l 1
|m 5
|o 282.092 ROM 1992
|p 5650790
|q 2025-12-31
|r 2023-01-25
|s 2022-06-14
|t 1
|w 2022-04-18
|x Ubicación 4to Piso
|y BK
|z Estos recursos deben solicitarse con anticipación
|k DER
|